000 00583nam a22002177a 4500
003 UA-OsUOA
001 65924
007 ta
008 20091214b un ||||| |||| 00| 0 ukr d
100 _aШвайка М.
090 _a330
_bШ33
942 _cSA
040 _aUA-OsUOA
_bukr
_cUA-OsUOA
_dUA-OsUOA
245 _aСвітова фінансова криза: причини виникненя та шляхи подолання
300 _aС.3-10
955 _a0
041 _aukr
080 _a330
773 0 _w65923
650 7 _a330 Економіка взагалі
_2UDC
999 _c351555
_d351555